Ethnoperspectives in Bilingual Education Research
Uloženo v:
| Hlavní autor: | |
|---|---|
| Médium: | Kniha |
| Jazyk: | angličtina |
| Vydáno: |
Ypsilanti
Department of Foreign Languages and Bilingual Studies
1980
|
| Vydání: | 1a. ed |
| Témata: | |
| Tagy: |
Přidat tag
Žádné tagy, Buďte první, kdo vytvoří štítek k tomuto záznamu!
|
MARC
| LEADER | 00000nam a2200000 a 4500 | ||
|---|---|---|---|
| 001 | UCH0275 | ||
| 003 | CL-VaPUC | ||
| 008 | 090227e19800000US |||||||||||||||||eng|d | ||
| 082 | 0 | 4 | |a 404.2 |b PAD |2 21 |
| 100 | |a Padilla, Raymond V. |e author |9 534463 | ||
| 245 | 1 | 0 | |a Ethnoperspectives in Bilingual Education Research |
| 250 | |a 1a. ed | ||
| 300 | |a 2 v | ||
| 942 | |c BK | ||
| 945 | |d 20090227 00:00:00 |a cmena | ||
| 260 | |a Ypsilanti |b Department of Foreign Languages and Bilingual Studies |c 1980 | ||
| 500 | |a v.1: Bilingual education and public policy in the United States | ||
| 500 | |a v.2: Theory in bilingual education | ||
| 650 | 0 | |a Bilingüismo |9 307482 | |
| 650 | 0 | |a Adquisición del lenguaje |9 309032 | |
| 650 | 0 | |a Sociolingüística |9 263716 | |
| 650 | 0 | |a Educación lingüística |9 306506 | |
| 650 | 0 | |a Neurolingüística |9 416341 | |
| 583 | |a last modification |c 20130104 11:45:42 |k Rodrigo Vera | ||
| 999 | |c 332613 |d 332611 | ||
| 952 | |0 0 |1 0 |4 0 |6 404_200000000000000_PAD_1980 |7 0 |8 A |9 420461 |a FDOPOS |b FDOPOS |d 2019-11-22 |h v.1 |i 4517008 |o 404.2 PAD 1980 |p 4517008 |r 2025-01-22 |w 2019-11-22 |y BK |k MLA | ||
| 952 | |0 0 |1 0 |4 0 |6 404_200000000000000_PAD_1980 |7 0 |8 A |9 420462 |a FDOPOS |b FDOPOS |d 2019-11-22 |h v.2 |i 4516990 |o 404.2 PAD 1980 |p 4516990 |r 2025-01-22 |w 2019-11-22 |y BK |k MLA | ||